Catálogo
 En Linea

Blade Runner : (Registro nro. 42191)

Detalles MARC
000 -CABECERA
campo de control de longitud fija 00529nam a2200181 a 4500
001 - NÚMERO DE CONTROL
campo de control 000042702
005 - FECHA Y HORA DE LA ÚLTIMA TRANSACCIÓN
campo de control 20201002040332.0
008 - DATOS DE LONGITUD FIJA--INFORMACIÓN GENERAL
campo de control de longitud fija 140205s1994 sp ac 000 0 spa d
020 ## - NÚMERO INTERNACIONAL ESTÁNDAR DEL LIBRO
Número Internacional Estándar del Libro 8487270093
040 ## - FUENTE DE LA CATALOGACIÓN
Centro catalogador/agencia de origen DO-SdBNP
Lengua de catalogación spa
Centro/agencia transcriptor BNPHU
082 ## - NÚMERO DE LA CLASIFICACIÓN DECIMAL DEWEY
Número de clasificación xxx
Número de documento/Ítem B632L
100 1# - ENTRADA PRINCIPAL--NOMBRE DE PERSONA
Nombre de persona Latorre, José María
Títulos y otros términos asociados al nombre 1945-
9 (RLIN) 21901
245 10 - MENCIÓN DE TÍTULO
Título Blade Runner :
Resto del título Amarcord /
Mención de responsabilidad, etc. José María Latorre.
260 ## - PUBLICACIÓN, DISTRIBUCIÓN, ETC.
Lugar de publicación, distribución, etc. Barcelona :
Nombre del editor, distribuidor, etc. Dirigido,
Fecha de publicación, distribución, etc. 1994.
300 ## - DESCRIPCIÓN FÍSICA
Extensión 143 p. :
Otras características físicas il. ;
Dimensiones 20 cm.
490 1# - MENCIÓN DE SERIE
Mención de serie Programa doble
Designación de volumen o secuencia 2
830 #0 - PUNTO DE ACCESO ADICIONAL DE SERIE-TÍTULO UNIFORME
Título uniforme Programa doble
Número de parte o sección de la obra 2
9 (RLIN) 70013
Existencias
Estado de retiro Estado de pérdida Restricciones de uso No para préstamo Código de colección Localización permanente Ubicación/localización actual Ubicación en estantería Fecha de adquisición Número de inventario Total de préstamos Signatura topográfica completa Código de barras Fecha visto por última vez Precio válido a partir de Tipo de ítem Koha
      Excluido de préstamo Monografías: Libros y Folletos General General En catalogación 05.02.2014 LF1   xxx B632L 42702-10 25.06.2020 25.06.2020 No se presta

Con tecnología Koha